000 00322nam a2200145Ia 4500
008 191201s2010 xx 000 0 und d
082 _a658.15
_bBEM
100 _aBEG, M.A
245 0 _aManagerial Economics
250 _a2nd
260 _aN. Delhi
_bAne Books
_c2010
300 _a554
650 _aBBA
942 _2ddc
_cBK
999 _c4967
_d4967